| 000 | 00587nam a22001817a 4500 | ||
|---|---|---|---|
| 005 | 20171103124718.0 | ||
| 020 |
_a9789380693071 _c395.00 |
||
| 035 | _aEN-104727 | ||
| 037 | _bDBAD/PUB | ||
| 082 | _a657.00 | ||
| 100 | _aRao, B.Parvathiswara | ||
| 245 |
_aAccounting for management _cby B.Parvathisawara Rao [and] M.S.V. Prasad |
||
| 260 |
_aAndhra Pradesh _bDuvvuri Publications _c2011 |
||
| 270 |
_aM.I.G.-143,A.P.H.B.Colony, Machilipatnam _bAndhra Pradesh _e521001 |
||
| 300 |
_axii,629p. _c24cm(Pbk) |
||
| 700 | _aPrasad, M.S.V. | ||
| 942 |
_2ddc _cEN _h657 _mRAO |
||
| 999 |
_c147140 _d147140 |
||